Statistics for Fu-Go Balloon Bomb States and Provinces

Click here to take the quiz!

General Stats

  • This quiz has been taken 3 times
  • The average score is 23 of 27

Answer Stats

State / Province % Correct
Alaska
100%
Alberta
100%
Wyoming
100%
Washington
100%
Texas
100%
South Dakota
100%
Saskatchewan
100%
Oregon
100%
North Dakota
100%
Nevada
100%
Montana
100%
Kansas
100%
Idaho
100%
Hawaii
100%
California
100%
British Columbia
100%
Baja California
100%
Arizona
100%
Manitoba
67%
Michigan
67%
Nebraska
67%
Iowa
67%
Colorado
67%
Utah
67%
Yukon Territory
67%
Northwest Territories
33%
Sonora
33%

Score Distribution

Percentile by Number Answered

Percent of People with Each Score

Your Score History

You have not taken this quiz